Sociology of families: (Record no. 1553)

MARC details
000 -LEADER
fixed length control field 00515nam a22001697a 4500
005 - DATE AND TIME OF LATEST TRANSACTION
control field 20230303065045.0
008 - FIXED-LENGTH DATA ELEMENTS--GENERAL INFORMATION
fixed length control field 230303b |||||||| |||| 00| 0 eng d
020 ## - INTERNATIONAL STANDARD BOOK NUMBER
International Standard Book Number 978-1-4833-7902-9
082 ## - DEWEY DECIMAL CLASSIFICATION NUMBER
Classification number 306.85 C525 2017
100 ## - MAIN ENTRY--PERSONAL NAME
Personal name Ciabattari, Teresa
Relator term author
245 ## - TITLE STATEMENT
Title Sociology of families:
Remainder of title change, continuity, and diversity /
Statement of responsibility, etc. Teresa Ciabattari
260 ## - PUBLICATION, DISTRIBUTION, ETC.
Place of publication, distribution, etc. Thousand Oaks, CA:
Name of publisher, distributor, etc. Sage Publications,
Date of publication, distribution, etc. c2017
300 ## - PHYSICAL DESCRIPTION
Extent xvii, 254p.:
Other physical details ill.
504 ## - BIBLIOGRAPHY, ETC. NOTE
Bibliography, etc. note Includes index
541 ## - IMMEDIATE SOURCE OF ACQUISITION NOTE
Accession number 6941
650 ## - SUBJECT ADDED ENTRY--TOPICAL TERM
Topical term or geographic name entry element Families
Holdings
Withdrawn status Lost status Source of classification or shelving scheme Damaged status Not for loan Home library Current library Date acquired Total Checkouts Full call number Barcode Date last seen Copy number Price effective from Koha item type
    Dewey Decimal Classification     ctu-moalboal ctu-moalboal 03/03/2021   306.85 C525 2017 6941 03/03/2023 1 03/03/2023 Books-Reference